[Event "Frankfurt Ch 2013"]
[Site "Ffm-Kalbach, LAZ"]
[Date "2013.06.03"]
[Round "5.54"]
[White "Steiz, Johann"]
[Black "Crnjac, Zdravko"]
[Result "1-0"]
[WhiteElo "1603"]
[BlackElo "1478"]
[PlyCount "105"]
[EventDate "2013.??.??"]
[WhiteTeam "ESV Grossenbaum 1973"]
[BlackTeam "TSG Nieder-Erlenbach 1888"]

1. e4 e5 2. Nf3 Nc6 3. Bc4 Nf6 4. Nc3 Bc5 5. d3 d6 6. Bg5 h6 7. Bxf6 gxf6 8.
Nd5 Be6 9. a3 Ne7 10. Nxf6+ Kf8 11. Bxe6 fxe6 12. d4 exd4 13. Nxd4 Bxd4 14.
Qxd4 e5 15. Qd1 Ng8 16. Nd5 Rh7 17. Qh5 c6 18. Ne3 Nf6 19. Qg6 Rc8 20. Nf5 Rcc7
21. f3 Rcd7 22. O-O-O d5 23. exd5 cxd5 24. Rhe1 e4 25. fxe4 Nxe4 26. Nd4 Qg5+
27. Qxg5 hxg5 28. Ne6+ Kg8 29. h3 Rhe7 30. Nd4 Rf7 31. Nf3 Rfe7 32. Rd4 b5 33.
Red1 Nf2 34. R1d2 Ne4 35. Re2 Kf8 36. Rd1 Kg7 37. Nd4 Nd6 38. Rde1 Rxe2 39.
Rxe2 Rf7 40. Nf3 Ne4 41. c3 a6 42. Kc2 Kf6 43. Nd2 Kf5 44. Nxe4 dxe4 45. Rf2+
Ke6 46. Rxf7 Kxf7 47. Kd2 Ke6 48. Ke3 Kf5 49. g3 a5 50. b3 Ke5 51. h4 b4 52.
axb4 axb4 53. cxb4 1-0

[Event "Frankfurt Ch 2013"]
[Site "Ffm-Kalbach, LAZ"]
[Date "2013.06.03"]
[Round "5.55"]
[White "Lehmann, Gerit"]
[Black "Bergner, Matthias"]
[Result "1/2-1/2"]
[WhiteElo "1437"]
[BlackElo "1574"]
[PlyCount "136"]
[EventDate "2013.??.??"]
[WhiteTeam "Sfr. Frankfurt 1921"]
[BlackTeam "SV 1926 Neu-Isenburg"]

1. d4 d5 2. c4 e6 3. Nc3 c6 4. Nf3 Nf6 5. Bf4 dxc4 6. a4 Nd5 7. Bg3 Bb4 8. Qc2
Qa5 9. Rc1 Nd7 10. e3 b5 11. Be2 Nxc3 12. bxc3 Be7 13. O-O Bb7 14. Ra1 Qb6 15.
Rfb1 a6 16. axb5 axb5 17. Rxa8+ Bxa8 18. Bxc4 O-O 19. Bd3 g6 20. Ne5 Nxe5 21.
Bxe5 Qd8 22. c4 bxc4 23. Qxc4 Qd5 24. Rc1 Qxc4 25. Rxc4 Bb7 26. Be4 Rc8 27. Ra4
Ra8 28. Rxa8+ Bxa8 29. Kf1 Kf8 30. Ke2 f6 31. Bc7 Ke8 32. Bb6 Bd6 33. h4 f5 34.
Bd3 Bb7 35. Bc5 Bc7 36. Kf3 Kf7 37. g4 fxg4+ 38. Kxg4 Bc8 39. Bc4 Kf6 40. Kf3
e5 41. dxe5+ Bxe5 42. Bd4 h6 43. Bb6 Ke7 44. Ke4 Bf6 45. Bc5+ Kd7 46. Bf7 Bxh4
47. Bxg6 Bxf2 48. Bf8 Kc7 49. Bxh6 Kb6 50. Ke5 c5 51. Bd3 Bg3+ 52. Bf4 Be1 53.
Bc4 Bb4 54. e4 Kc6 55. Kf6 Bc3+ 56. e5 Kb6 57. Ke7 Be1 58. Kd8 Bf5 59. e6 Bh4+
60. Kd7 Ka5 61. Kd6 Kb4 62. Bd5 c4 63. e7 Bxe7+ 64. Kxe7 c3 65. Bc1 Kc5 66. Bf7
Kd4 67. Kf6 Bh7 68. Bg6 Bxg6 1/2-1/2

[Event "Frankfurt Ch 2013"]
[Site "Ffm-Kalbach, LAZ"]
[Date "2013.06.03"]
[Round "5.56"]
[White "Friedel, Thomas"]
[Black "Zerhusen, Martin"]
[Result "0-1"]
[WhiteElo "1405"]
[BlackElo "1568"]
[PlyCount "22"]
[EventDate "2013.??.??"]
[WhiteTeam "SV 1946 Groß-Gerau"]
[BlackTeam "SV Oberursel"]

1. e4 c5 2. Nf3 Nc6 3. d4 cxd4 4. Nxd4 d6 5. Be3 Bd7 6. Bc4 g6 7. O-O Bg7 8.
Qd2 Nf6 9. Bh6 Bxh6 10. Qxh6 Nxd4 11. Qg7 Rf8 0-1

[Event "Frankfurt Ch 2013"]
[Site "Ffm-Kalbach, LAZ"]
[Date "2013.06.03"]
[Round "5.57"]
[White "Staeger, Tim"]
[Black "Lopez, Victor"]
[Result "1/2-1/2"]
[WhiteElo "1563"]
[BlackElo "1430"]
[PlyCount "64"]
[EventDate "2013.??.??"]
[WhiteTeam "Sfr. Frankfurt 1921"]
[BlackTeam "SC 1910 Höchst"]

1. e4 e5 2. Nf3 d6 3. d4 exd4 4. Nxd4 Nf6 5. Nc3 Be7 6. Bc4 O-O 7. O-O Nxe4 8.
Nxe4 d5 9. Bxd5 Qxd5 10. Re1 Nc6 11. Nxc6 Qxc6 12. Bg5 Bxg5 13. Nxg5 Qg6 14.
Qd2 Bf5 15. c3 Rad8 16. Qf4 h6 17. Nf3 Bh3 18. Qg3 Qxg3 19. hxg3 Be6 20. Nd4
Bd7 21. b4 a6 22. a4 Rfe8 23. a5 Kf8 24. f4 g6 25. Kf2 Bg4 26. Nf3 Bxf3 27.
Rxe8+ Kxe8 28. Re1+ Kf8 29. Kxf3 h5 30. Re3 Rd2 31. Re2 Rd3+ 32. Re3 Rd2
1/2-1/2

[Event "Frankfurt Ch 2013"]
[Site "Ffm-Kalbach, LAZ"]
[Date "2013.06.03"]
[Round "5.58"]
[White "Bernhardt, Winfried"]
[Black "Jähnert, Wolfgang"]
[Result "0-1"]
[WhiteElo "1359"]
[BlackElo "1551"]
[PlyCount "80"]
[EventDate "2013.??.??"]
[WhiteTeam "SV 1997 Nauheim"]
[BlackTeam "Bad Vilbeler Sfr.1985"]

1. e4 c5 2. Bc4 d6 3. Nc3 Nc6 4. a4 e6 5. Nf3 Nf6 6. O-O Be7 7. d4 cxd4 8. Nxd4
Bd7 9. f3 Qb6 10. Be3 O-O 11. Qd2 Nxd4 12. Bxd4 Qc7 13. Nb5 Qxc4 14. Bxf6 Bxf6
15. Nxd6 Qc5+ 16. Kh1 Bc6 17. Nb5 Bxb5 18. axb5 Qxb5 19. Rab1 Rfd8 20. Qc1 Rd7
21. f4 Rad8 22. e5 Be7 23. h3 Bc5 24. Qe1 Rd2 25. Rf3 Qd7 26. Qe4 Rd1+ 27. Rf1
Rxf1+ 28. Rxf1 Qb5 29. Rf3 Rd4 30. Qe1 Qxb2 31. f5 exf5 32. Rxf5 g6 33. Rxf7
Kxf7 34. Qf2+ Kg7 35. Qf6+ Kh6 36. Qf3 Qc1+ 37. Kh2 Qf4+ 38. Qxf4+ Rxf4 39. Kg3
Kg5 40. Kh2 Re4 0-1

[Event "Frankfurt Ch 2013"]
[Site "Ffm-Kalbach, LAZ"]
[Date "2013.06.03"]
[Round "5.59"]
[White "Willenbring, Jens-Dirk"]
[Black "Lessmann, Sven"]
[Result "1-0"]
[WhiteElo "1551"]
[BlackElo "1371"]
[PlyCount "148"]
[EventDate "2013.??.??"]
[WhiteTeam "Bad Vilbeler Sfr.1985"]
[BlackTeam "SC Bad Soden"]

1. e4 d6 2. Bc4 Nf6 3. Nc3 e5 4. d3 g6 5. Bg5 Bg7 6. Nd5 Nbd7 7. Qd2 c6 8.
Nxf6+ Nxf6 9. f4 O-O 10. fxe5 dxe5 11. Nf3 Re8 12. O-O-O b5 13. Bb3 a5 14. a3
Qd6 15. Kb1 Be6 16. Bxe6 Qxe6 17. Be3 Red8 18. Qc3 Ng4 19. Bg1 b4 20. Qb3 Qxb3
21. cxb3 bxa3 22. bxa3 Rdb8 23. Kc2 Bf8 24. h3 Nf6 25. Nxe5 Bxa3 26. Nc4 Bb4
27. Bd4 Nd7 28. Ra1 Nf8 29. Rhf1 Ne6 30. Be3 Rb5 31. d4 Rd8 32. Rad1 Ng5 33.
Bxg5 Rxg5 34. g4 h5 35. Ne5 Re8 36. Nxf7 Rb5 37. Ne5 hxg4 38. hxg4 Rexe5 39.
dxe5 Rxe5 40. Rd8+ Kg7 41. Rd7+ Be7 42. Kd3 Kh6 43. Kd4 Re6 44. Rf7 Bb4 45. e5
Kg5 46. Ke4 Kxg4 47. Rf6 Rxf6 48. exf6 Kg5 49. f7 Kf6 50. Kf4 Be7 51. Ra7 Kxf7
52. Rxa5 Kf6 53. Ra6 Bd6+ 54. Ke4 Ke6 55. Rxc6 g5 56. Kf3 Kd5 57. Rc2 Ke6 58.
Kg4 Bf4 59. b4 Kd7 60. Kf5 Kd6 61. b5 Kd5 62. b6 Kd6 63. b7 Kd7 64. Rc4 Bb8 65.
Kxg5 Bc7 66. Kf5 Kd6 67. Ke4 Kd7 68. Kd5 Kd8 69. Kc6 Bg3 70. Rd4+ Ke8 71. Rg4
Bh2 72. Rg8+ Kf7 73. Rc8 Ke7 74. Rc7+ Kd8 1-0

[Event "Frankfurt Ch 2013"]
[Site "Ffm-Kalbach, LAZ"]
[Date "2013.06.03"]
[Round "5.60"]
[White "Mongi, Mario"]
[Black "Kirschner, Matthias"]
[Result "0-1"]
[WhiteElo "1354"]
[BlackElo "1517"]
[PlyCount "94"]
[EventDate "2013.??.??"]
[WhiteTeam "Sfr. Frankfurt 1921"]
[BlackTeam "SV 1997 Nauheim"]

1. c4 d6 2. g3 e5 3. Bg2 Nf6 4. Nc3 Be7 5. e3 O-O 6. Nge2 Be6 7. d3 Qc8 8. Nd5
Nxd5 9. Bxd5 Bxd5 10. cxd5 Nd7 11. e4 f5 12. O-O fxe4 13. dxe4 Nf6 14. Bg5 Qd7
15. Bxf6 Rxf6 16. f4 Raf8 17. f5 Qe8 18. g4 g6 19. g5 R6f7 20. f6 Bd8 21. Rf3
h6 22. Qd2 hxg5 23. Raf1 Bxf6 24. Rxf6 Rxf6 25. Rxf6 Rxf6 26. Qxg5 Qf7 27. Ng3
Kf8 28. Qh6+ Qg7 29. Qh3 Kg8 30. Qc8+ Qf8 31. Qg4 Kf7 32. Qd7+ Qe7 33. Qh3 Ke8
34. Qh8+ Qf8 35. Qh3 Kd8 36. Qh4 Kc8 37. Qg5 Kb8 38. Qc1 Rf4 39. Qe3 Qf6 40.
Ne2 Rf3 41. Qc1 Qh4 42. Ng3 Rxg3+ 43. hxg3 Qxg3+ 44. Kf1 Qf3+ 45. Kg1 Qxe4 46.
Qg5 Qd4+ 47. Kf1 Qf4+ 0-1

[Event "Frankfurt Ch 2013"]
[Site "Ffm-Kalbach, LAZ"]
[Date "2013.06.03"]
[Round "5.61"]
[White "Kletzerman, Simon"]
[Black "Herwig-Päutz, Martin"]
[Result "1-0"]
[WhiteElo "1504"]
[BlackElo "1321"]
[PlyCount "79"]
[EventDate "2013.??.??"]
[WhiteTeam "TuS Makkabi Ffm"]
[BlackTeam "Sfr.1891 Friedberg"]

1. e4 g6 2. Nf3 d6 3. Bc4 e6 4. O-O Bg7 5. d4 Nf6 6. Bg5 Qd7 7. Nc3 a6 8. e5
Ng8 9. Re1 b5 10. Bb3 d5 11. a4 b4 12. Na2 a5 13. Nc1 Ba6 14. Nd3 Bxd3 15. Qxd3
Na6 16. c4 bxc3 17. bxc3 c5 18. Qb5 Qxb5 19. axb5 c4 20. Bc2 Nc7 21. Reb1 h6
22. Bc1 Ne7 23. Ba3 Bf8 24. Bd6 Kd7 25. b6 Na6 26. Rxa5 Nc6 27. b7 Ra7 28. b8=Q
Naxb8 29. Rxa7+ Nxa7 30. Rxb8 Bxd6 31. Rxh8 Bc7 32. Ba4+ Nc6 33. Nd2 h5 34. Rh7
Ba5 35. Nb1 Kc7 36. Rxf7+ Kb6 37. Bxc6 Kxc6 38. Rf6 Kb5 39. Rxe6 Ka4 40. Ra6
1-0

[Event "Frankfurt Ch 2013"]
[Site "Ffm-Kalbach, LAZ"]
[Date "2013.06.03"]
[Round "5.62"]
[White "Muthig, Holger"]
[Black "Hartmann, Stephan"]
[Result "1/2-1/2"]
[WhiteElo "1603"]
[BlackElo "1471"]
[PlyCount "51"]
[EventDate "2013.??.??"]
[WhiteTeam "Sfr. Frankfurt 1921"]
[BlackTeam "SG Turm Idstein"]

1. d4 d5 2. c4 c6 3. Nc3 Bf5 4. Nf3 Nf6 5. e3 e6 6. Bd3 Bxd3 7. Qxd3 Be7 8. O-O
O-O 9. cxd5 cxd5 10. Bd2 Nbd7 11. Rac1 Rc8 12. h3 h6 13. Rfe1 Nb6 14. Ne5 Nfd7
15. f4 Nxe5 16. fxe5 Nc4 17. b3 Nxd2 18. Qxd2 Bb4 19. Qd3 Qa5 20. Rc2 Rxc3 21.
Rxc3 Bxc3 22. Rc1 Bb4 23. Rc2 a6 24. Qd1 Qb5 25. Qc1 Ba3 26. Qxa3 1/2-1/2

[Event "Frankfurt Ch 2013"]
[Site "Ffm-Kalbach, LAZ"]
[Date "2013.06.03"]
[Round "5.64"]
[White "Preilowski, Benno"]
[Black "Richter, Wolfram"]
[Result "0-1"]
[WhiteElo "1339"]
[BlackElo "1519"]
[PlyCount "50"]
[EventDate "2013.??.??"]
[WhiteTeam "Sfr.1891 Friedberg"]
[BlackTeam "SK Bad Sooden-Allendorf"]

1. Nf3 Nf6 2. d4 e6 3. a3 c5 4. dxc5 Bxc5 5. e3 Nc6 6. Bb5 O-O 7. O-O d5 8.
Bxc6 bxc6 9. b4 Bd6 10. Bb2 Re8 11. Nbd2 e5 12. g3 Bg4 13. Qc1 h5 14. Ne1 Bh3
15. Ng2 Re6 16. Re1 Ng4 17. f3 Nh6 18. e4 Qb6+ 19. Ne3 Rae8 20. exd5 cxd5 21.
Kh1 Qb7 22. c4 dxc4 23. Nexc4 Rc8 24. Ne4 Be7 25. Qc3 f5 0-1